Psicoterapia sin psicoterapeuta
Uloženo v:
| Hlavní autor: | |
|---|---|
| Médium: | Kniha |
| Jazyk: | španělština |
| Vydáno: |
Madrid
Marova
1971
|
| Edice: | Biblioteca Marova de Estudios del Hombre, 4
|
| Témata: | |
| Tagy: |
Přidat tag
Žádné tagy, Buďte první, kdo vytvoří štítek k tomuto záznamu!
|
MARC
| LEADER | 00000nam a2200000 a 4500 | ||
|---|---|---|---|
| 001 | UCM6066 | ||
| 003 | CL-VaPUC | ||
| 008 | 021025e19710000SP |||||||||||||||||spa|d | ||
| 082 | 0 | 4 | |a 616.891 |b DUR |2 21 |
| 100 | 0 | |a Durand-Dassier, Jacques |e author |9 472084 | |
| 245 | 1 | 0 | |a Psicoterapia sin psicoterapeuta |
| 300 | |a 224 p | ||
| 942 | |c BK | ||
| 945 | |d 20021025 00:00:00 |a cmena | ||
| 260 | |a Madrid |b Marova |c 1971 | ||
| 650 | 7 | |a PSICOTERAPIA |2 CL-VaPUC |9 472085 | |
| 650 | 0 | |a Psicología clínica |9 307259 | |
| 650 | 0 | |a Terapia |9 334442 | |
| 650 | 7 | |a SOCIODRAMA |2 CL-VaPUC |9 337831 | |
| 650 | 7 | |a TOXICOMANIA |2 CL-VaPUC |9 307600 | |
| 650 | 0 | |a Drogadicción |9 331967 | |
| 650 | 7 | |a EDUCACION ANTIDROGADICCION |2 CL-VaPUC |9 331652 | |
| 583 | |a last modification |c 20021025 00:00:00 |k Rodrigo Vera | ||
| 490 | 0 | |a Biblioteca Marova de Estudios del Hombre, 4 | |
| 999 | |c 301728 |d 301726 | ||
| 952 | |0 0 |1 0 |4 0 |6 616_891000000000000_DUR_1971 |7 0 |8 A |9 361272 |a BIBEDU |b BIBEDU |d 2019-11-21 |i 385096K |o 616.891 DUR 1971 |p 385096K |r 2019-11-21 |w 2019-11-21 |y BK |k BME | ||